[Event "43. Olimpiada Batumi 2018 Femenina"]
[Site "Batumi GEO"]
[Date "2018.10.03"]
[Round "9.2"]
[White "Bakri, Alia Anin Azwa"]
[Black "Petrova, Kristyna"]
[Result "0-1"]
[WhiteElo "2005"]
[BlackElo "2248"]
[PlyCount "108"]
[EventDate "2018.09.24"]
[EventType "team-swiss"]
[EventRounds "11"]
[EventCountry "GEO"]
[SourceTitle "Ajedrez en Madrid"]
[Source "lmi"]
[SourceDate "2018.09.24"]
[WhiteTeam "Malaysia"]
[BlackTeam "Czech Republic"]
[WhiteTeamCountry "MAS"]
[BlackTeamCountry "CZE"]

1. d4 Nf6 2. c4 e6 3. Nf3 b6 4. e3 Bb7 5. Bd3 d5 6. O-O Bd6 7. Nc3 O-O 8. cxd5
exd5 9. Qc2 a6 10. e4 dxe4 11. Nxe4 Nxe4 12. Bxe4 Bxe4 13. Qxe4 Nd7 14. Bg5 f6
15. Bf4 Bxf4 16. Qxf4 Re8 17. Rfe1 Rc8 18. h3 Nf8 19. Rxe8 Qxe8 20. Re1 Qd7 21.
b3 a5 22. Qe4 Rd8 23. Qe7 Ng6 24. Qe4 Qd6 25. Rc1 Ne7 26. Qc2 Rd7 27. Qc4+ Nd5
28. g3 g6 29. a4 Kg7 30. Kg2 Re7 31. Re1 Kf7 32. Rc1 Kf8 33. Qb5 Nb4 34. Qc4
Qd5 35. Qxd5 Nxd5 36. Kf1 Re6 37. Rc2 Ke7 38. Re2 Nb4 39. Rxe6+ Kxe6 40. Ke2
Kd5 41. Ke3 g5 42. g4 h6 43. Ne1 c6 44. f4 gxf4+ 45. Kxf4 Kxd4 46. Kf5 Nd5 47.
Ng2 Kc3 48. Kg6 Kxb3 49. Kxh6 b5 50. h4 bxa4 51. h5 a3 52. Nh4 a2 53. Kg6 a1=Q
54. Nf5 Qg1 0-1

[Event "43. Olimpiada Batumi 2018 Femenina"]
[Site "Batumi GEO"]
[Date "2018.10.03"]
[Round "9.3"]
[White "Novosadova, Kristyna"]
[Black "Azhar, Puteri Munajjah Az-"]
[Result "1-0"]
[WhiteElo "2231"]
[BlackElo "1869"]
[PlyCount "49"]
[EventDate "2018.09.24"]
[EventType "team-swiss"]
[EventRounds "11"]
[EventCountry "GEO"]
[SourceTitle "Ajedrez en Madrid"]
[Source "lmi"]
[SourceDate "2018.09.24"]
[WhiteTeam "Czech Republic"]
[BlackTeam "Malaysia"]
[WhiteTeamCountry "CZE"]
[BlackTeamCountry "MAS"]

1. e4 c5 2. Nf3 e6 3. d4 cxd4 4. Nxd4 a6 5. Nc3 Bb4 6. Qd3 Qc7 7. Bd2 Nf6 8.
Be2 b6 9. O-O Bxc3 10. Bxc3 Bb7 11. Bf3 d6 12. Rad1 d5 13. exd5 Nxd5 14. Bxd5
Bxd5 15. Nf5 f6 16. Bb4 Nc6 17. Nd6+ Kd7 18. Ba3 b5 19. c4 bxc4 20. Qh3 Ne7 21.
Rfe1 Qc6 22. Nxc4 a5 23. Ne3 Rad8 24. Nxd5 Nxd5 25. Rxe6 1-0

[Event "43. Olimpiada Batumi 2018 Femenina"]
[Site "Batumi GEO"]
[Date "2018.10.03"]
[Round "9.4"]
[White "Nithyalakshmi, Sivanesan"]
[Black "Sikorova, Olga"]
[Result "0-1"]
[WhiteElo "1866"]
[BlackElo "2276"]
[PlyCount "140"]
[EventDate "2018.09.24"]
[EventType "team-swiss"]
[EventRounds "11"]
[EventCountry "GEO"]
[SourceTitle "Ajedrez en Madrid"]
[Source "lmi"]
[SourceDate "2018.09.24"]
[WhiteTeam "Malaysia"]
[BlackTeam "Czech Republic"]
[WhiteTeamCountry "MAS"]
[BlackTeamCountry "CZE"]

1. d4 Nf6 2. c4 g6 3. Nc3 Bg7 4. e4 d6 5. Nf3 O-O 6. h3 e5 7. d5 a5 8. g4 Na6
9. Be3 Re8 10. Nd2 c6 11. Be2 Nd7 12. h4 Nf8 13. a3 Bd7 14. Qb3 Qe7 15. O-O-O
Nc5 16. Bxc5 dxc5 17. Rdg1 Reb8 18. Qd1 a4 19. g5 f5 20. h5 Be8 21. h6 Bh8 22.
Qc2 Qf7 23. Bd3 cxd5 24. cxd5 f4 25. Nc4 Ra6 26. f3 b5 27. Nd2 Qa7 28. Kb1 b4
29. Bxa6 Qxa6 30. Nd1 bxa3 31. Ka2 axb2 32. Nxb2 Rb4 33. Qxc5 Rd4 34. Qc3 Bb5
35. Nb1 Bc4+ 36. Ka1 Nd7 37. Na3 Bb3 38. Rc1 Qd6 39. Nb5 Qe7 40. Qc8+ Nf8 41.
d6 Qxg5 42. Nxd4 exd4 43. d7 Qe7 44. Qc5 Qxd7 45. Nd3 Qf7 46. Kb2 Qb7 47. Ka3
Bf6 48. Qc7 Qb5 49. Nb4 Qe2 50. Qxf4 Be7 51. Rh2 Qb5 52. Qd2 Ne6 53. Rc8+ Kf7
54. Rh8 Bd6 55. Rh1 Kf6 56. Rxh7 Bf4 57. Qd3 Bc4 58. Qc2 Bd6 59. Qxa4 Qb6 60.
Rb1 Bd3 61. Rb2 Qc5 62. Ka2 Bc4+ 63. Kb1 d3 64. Qa7 d2 65. Rxd2 Qxb4+ 66. Rb2
Bd3+ 67. Ka2 Qc4+ 68. Rb3 Qc2+ 69. Rb2 Bc4+ 70. Ka1 Qc1+ 0-1

[Event "43. Olimpiada Batumi 2018 Femenina"]
[Site "Batumi GEO"]
[Date "2018.10.03"]
[Round "9.1"]
[White "Lujan, Carolina"]
[Black "Ordaz Valdes, Lisandra Teresa"]
[Result "1-0"]
[WhiteElo "2350"]
[BlackElo "2415"]
[PlyCount "79"]
[EventDate "2018.09.24"]
[EventType "team-swiss"]
[EventRounds "11"]
[EventCountry "GEO"]
[SourceTitle "Ajedrez en Madrid"]
[Source "lmi"]
[SourceDate "2018.09.24"]
[WhiteTeam "Argentina"]
[BlackTeam "Cuba"]
[WhiteTeamCountry "ARG"]
[BlackTeamCountry "CUB"]

1. e4 e5 2. Nf3 Nc6 3. Bc4 Bc5 4. O-O Nf6 5. d3 O-O 6. Bb3 h6 7. h3 d6 8. c3 a5
9. Re1 Re8 10. Nbd2 Be6 11. Ba4 Bd7 12. Bb3 a4 13. Bc2 Qb8 14. Nf1 Qa7 15. Be3
Bxe3 16. Nxe3 Qa5 17. Nh4 Ne7 18. d4 Ng6 19. Nxg6 fxg6 20. Nd5 Rad8 21. b4 Qa7
22. Nxc7 Rf8 23. Bd3 Kh8 24. Nd5 Nxd5 25. exd5 exd4 26. c4 Bf5 27. Re7 Rd7 28.
Rxd7 Bxd7 29. Rc1 Qb6 30. Qd2 Qd8 31. Bxg6 b5 32. c5 Qf6 33. Be4 Qe5 34. f3
dxc5 35. bxc5 b4 36. Rd1 d3 37. Qxd3 Qg3 38. Qe2 Bxh3 39. d6 Qg5 40. c6 1-0

[Event "43. Olimpiada Batumi 2018 Femenina"]
[Site "Batumi GEO"]
[Date "2018.10.03"]
[Round "9.2"]
[White "Arribas Robaina, Maritza"]
[Black "Amura, Claudia"]
[Result "1/2-1/2"]
[WhiteElo "2243"]
[BlackElo "2249"]
[PlyCount "70"]
[EventDate "2018.09.24"]
[EventType "team-swiss"]
[EventRounds "11"]
[EventCountry "GEO"]
[SourceTitle "Ajedrez en Madrid"]
[Source "lmi"]
[SourceDate "2018.09.24"]
[WhiteTeam "Cuba"]
[BlackTeam "Argentina"]
[WhiteTeamCountry "CUB"]
[BlackTeamCountry "ARG"]

1. e4 c5 2. Nf3 Nc6 3. Bb5 Nf6 4. Bxc6 dxc6 5. d3 g6 6. O-O Bg7 7. a4 a5 8. Na3
O-O 9. h3 Nd7 10. Rb1 e5 11. Bg5 f6 12. Be3 Qe7 13. Nd2 f5 14. f4 exf4 15. Bxf4
g5 16. Bh2 f4 17. Nac4 b5 18. Na3 Rb8 19. Kh1 Ne5 20. Qe2 Be6 21. axb5 cxb5 22.
Nxb5 Rxb5 23. d4 Qb7 24. dxe5 Rxb2 25. Bg1 f3 26. gxf3 Bxh3 27. Qc4+ Kh8 28.
Rxb2 Qxb2 29. Rb1 Qxe5 30. Qxc5 Qf4 31. Be3 Qe5 32. Qxe5 Bxe5 33. Rb5 Bc3 34.
Rc5 Bxd2 35. Bxd2 h6 1/2-1/2

[Event "43. Olimpiada Batumi 2018 Femenina"]
[Site "Batumi GEO"]
[Date "2018.10.03"]
[Round "9.3"]
[White "Fernandez, Maria Florencia"]
[Black "Llaudy Pupo, Lisandra"]
[Result "1/2-1/2"]
[WhiteElo "2219"]
[BlackElo "2294"]
[PlyCount "109"]
[EventDate "2018.09.24"]
[EventType "team-swiss"]
[EventRounds "11"]
[EventCountry "GEO"]
[SourceTitle "Ajedrez en Madrid"]
[Source "lmi"]
[SourceDate "2018.09.24"]
[WhiteTeam "Argentina"]
[BlackTeam "Cuba"]
[WhiteTeamCountry "ARG"]
[BlackTeamCountry "CUB"]

1. d4 Nf6 2. c4 e6 3. Nf3 b6 4. a3 Bb7 5. Nc3 d5 6. Bg5 dxc4 7. e3 Be7 8. Bxc4
O-O 9. O-O c5 10. Rc1 cxd4 11. exd4 Nc6 12. Ba2 Nd5 13. Bxe7 Ncxe7 14. Bb1 Nf6
15. Ne5 Rc8 16. Qd3 Ng6 17. Nxg6 hxg6 18. Ba2 Qd6 19. Rcd1 Rfd8 20. Rfe1 Nd5
21. Bxd5 Bxd5 22. Nxd5 Qxd5 23. Re4 f5 24. Ree1 e5 25. Qg3 exd4 26. Qxg6 Qf7
27. Qg5 Rd7 28. h4 Rc5 29. Rd3 Rc2 30. Red1 Rxb2 31. Rxd4 Rxd4 32. Rxd4 Rb1+
33. Kh2 Kh7 34. Rf4 Rb5 35. g4 Ra5 36. Rxf5 Qc7+ 37. Kg2 Qc6+ 38. Kh2 Qd6+ 39.
Kg2 Qc6+ 40. Kh2 Rxa3 41. Qd2 Qc7+ 42. Kg2 Ra5 43. Rf8 Qc6+ 44. Kh2 Rd5 45. Qe3
Qd6+ 46. Rf4 Re5 47. Qf3 b5 48. Kh3 Qd5 49. Qc3 Re2 50. Rf5 Qh1+ 51. Kg3 Qg1+
52. Kh3 Qh1+ 53. Kg3 Qg1+ 54. Kh3 Qh1+ 55. Kg3 1/2-1/2

[Event "43. Olimpiada Batumi 2018 Femenina"]
[Site "Batumi GEO"]
[Date "2018.10.03"]
[Round "9.4"]
[White "Miranda Llanes, Yerisbel"]
[Black "Zuriel, Marisa"]
[Result "1-0"]
[WhiteElo "2239"]
[BlackElo "2186"]
[PlyCount "105"]
[EventDate "2018.09.24"]
[EventType "team-swiss"]
[EventRounds "11"]
[EventCountry "GEO"]
[SourceTitle "Ajedrez en Madrid"]
[Source "lmi"]
[SourceDate "2018.09.24"]
[WhiteTeam "Cuba"]
[BlackTeam "Argentina"]
[WhiteTeamCountry "CUB"]
[BlackTeamCountry "ARG"]

1. d4 Nf6 2. c4 c5 3. d5 b5 4. Qc2 e6 5. e4 bxc4 6. Bxc4 exd5 7. exd5 d6 8. Nc3
Be7 9. h3 O-O 10. Nf3 Nbd7 11. O-O Nb6 12. b3 Nxc4 13. bxc4 Re8 14. Re1 g6 15.
Bb2 Bf8 16. Rxe8 Nxe8 17. Ne4 Bf5 18. Re1 Bxe4 19. Qxe4 Bg7 20. Bxg7 Kxg7 21.
Qe7 h6 22. Qb7 Nc7 23. Rb1 Ne8 24. a4 Rc8 25. a5 Rc7 26. Qb8 Rc8 27. Qxa7 Ra8
28. Qb6 Qxb6 29. axb6 Rb8 30. Nd2 Kf8 31. Rb5 Ke7 32. Nb3 Kd7 33. Na5 Nf6 34.
f3 Kc8 35. b7+ Kc7 36. Nc6 Rxb7 37. Rxb7+ Kxb7 38. Nd8+ Kc7 39. Nxf7 Ng8 40. g4
Kd7 41. g5 hxg5 42. Nxg5 Nf6 43. Kf2 Ke7 44. Ke3 Nh5 45. Ne4 Kd7 46. f4 Ke7 47.
Kf3 Ng7 48. Kg4 Nf5 49. Kg5 Ne3 50. Kxg6 Nxc4 51. f5 Ne3 52. f6+ Kf8 53. Ng5
1-0

[Event "43. Olimpiada Batumi 2018 Femenina"]
[Site "Batumi GEO"]
[Date "2018.10.03"]
[Round "9.1"]
[White "Cornette, Deimante"]
[Black "Socko, Monika"]
[Result "1/2-1/2"]
[WhiteElo "2462"]
[BlackElo "2446"]
[PlyCount "92"]
[EventDate "2018.09.24"]
[EventType "team-swiss"]
[EventRounds "11"]
[EventCountry "GEO"]
[SourceTitle "Ajedrez en Madrid"]
[Source "lmi"]
[SourceDate "2018.09.24"]
[WhiteTeam "Lithuania"]
[BlackTeam "Poland"]
[WhiteTeamCountry "LTU"]
[BlackTeamCountry "POL"]

1. e4 c6 2. Nc3 d5 3. Nf3 Bg4 4. h3 Bxf3 5. Qxf3 e6 6. Be2 Nf6 7. O-O Bc5 8.
Rd1 Bd4 9. d3 O-O 10. exd5 cxd5 11. Nb1 Nc6 12. c3 Bb6 13. d4 Ne4 14. Nd2 f5
15. Nxe4 fxe4 16. Qg4 Qf6 17. Be3 Rae8 18. Qg5 Qf7 19. Bb5 Rc8 20. Rf1 h6 21.
Qg4 e5 22. Bxc6 Rxc6 23. dxe5 Rg6 24. e6 Rxe6 25. Bxb6 Rxb6 26. Qe2 Rg6 27. c4
Qf3 28. Qxf3 exf3 29. g3 dxc4 30. Rfc1 Rb6 31. Rab1 Rc8 32. Rc3 Rc5 33. b3 Ra5
34. Rxc4 Rxa2 35. Rc3 a5 36. Rd1 Rf6 37. Rc7 b5 38. Rd8+ Kh7 39. Rdd7 Rg6 40.
Rf7 b4 41. Rxf3 Ra3 42. Ra7 a4 43. Rxa4 Rxa4 44. bxa4 Ra6 45. Rf4 Rxa4 46. Kg2
h5 1/2-1/2

[Event "43. Olimpiada Batumi 2018 Femenina"]
[Site "Batumi GEO"]
[Date "2018.10.03"]
[Round "9.2"]
[White "Zawadzka, Jolanta"]
[Black "Zaksaite, Salomeja"]
[Result "1/2-1/2"]
[WhiteElo "2424"]
[BlackElo "2278"]
[PlyCount "112"]
[EventDate "2018.09.24"]
[EventType "team-swiss"]
[EventRounds "11"]
[EventCountry "GEO"]
[SourceTitle "Ajedrez en Madrid"]
[Source "lmi"]
[SourceDate "2018.09.24"]
[WhiteTeam "Poland"]
[BlackTeam "Lithuania"]
[WhiteTeamCountry "POL"]
[BlackTeamCountry "LTU"]

1. e4 c5 2. Nf3 Nc6 3. d4 cxd4 4. Nxd4 Nf6 5. Nc3 e5 6. Ndb5 d6 7. Bg5 a6 8.
Na3 b5 9. Nd5 Be7 10. Bxf6 Bxf6 11. c4 Nd4 12. cxb5 Bb7 13. Bc4 axb5 14. Bxb5+
Kf8 15. Bc4 Qa5+ 16. Qd2 Bd8 17. Nc3 f5 18. O-O fxe4 19. Nab5 Nxb5 20. Bxb5 d5
21. f4 exf3 22. Rxf3+ Bf6 23. Raf1 Qb6+ 24. Kh1 Qe6 25. Na4 Rc8 26. Qb4+ Kf7
27. Be2 Rc7 28. Rc3 Rhc8 29. Bh5+ Kg8 30. Rfc1 Rxc3 31. bxc3 Qe7 32. Qb3 g6 33.
Bf3 Rd8 34. Rd1 e4 35. Be2 Kg7 36. Nb6 Qc5 37. Na4 Qe7 38. Nb6 Qc5 39. Na4 Qc7
40. Nc5 Qxc5 41. Qxb7+ Kh6 42. Qf7 Bxc3 43. g4 Qe3 44. Rg1 Qg5 45. Rg3 Be1 46.
Rh3+ Bh4 47. Qf2 d4 48. Rxh4+ Kg7 49. Rh3 Rd7 50. Qf1 d3 51. Bxd3 exd3 52. Rxd3
Rxd3 53. Qxd3 Qc1+ 54. Kg2 Qb2+ 55. Kh3 Qxa2 56. Qd4+ Kg8 1/2-1/2

[Event "43. Olimpiada Batumi 2018 Femenina"]
[Site "Batumi GEO"]
[Date "2018.10.03"]
[Round "9.3"]
[White "Sibajeva, Marija"]
[Black "Szczepkowska, Karina"]
[Result "0-1"]
[WhiteElo "1980"]
[BlackElo "2407"]
[PlyCount "72"]
[EventDate "2018.09.24"]
[EventType "team-swiss"]
[EventRounds "11"]
[EventCountry "GEO"]
[SourceTitle "Ajedrez en Madrid"]
[Source "lmi"]
[SourceDate "2018.09.24"]
[WhiteTeam "Lithuania"]
[BlackTeam "Poland"]
[WhiteTeamCountry "LTU"]
[BlackTeamCountry "POL"]

1. e4 e5 2. Nf3 Nc6 3. Bb5 a6 4. Ba4 Nf6 5. O-O Be7 6. Re1 b5 7. Bb3 d6 8. h3
Na5 9. c3 Nxb3 10. Qxb3 c5 11. d4 Qc7 12. a4 Rb8 13. axb5 axb5 14. Na3 b4 15.
Nc2 O-O 16. dxc5 Be6 17. c4 Qxc5 18. Nd2 Nh5 19. Ne3 Bg5 20. Ndf1 Kh8 21. Bd2
Bxe3 22. Nxe3 Rfc8 23. Qd1 Nf4 24. b3 Nd3 25. Re2 Ra8 26. Nc2 Rxa1 27. Qxa1 f5
28. Qa4 Rb8 29. Be3 Qc8 30. Bd2 Bd7 31. Qa5 Nc5 32. Bxb4 Ra8 33. Qb6 Ra6 34.
Bxc5 dxc5 35. Qxa6 Qxa6 36. Rd2 Qc8 0-1

[Event "43. Olimpiada Batumi 2018 Femenina"]
[Site "Batumi GEO"]
[Date "2018.10.03"]
[Round "9.4"]
[White "Warakomska, Anna"]
[Black "Perminaite, Guoda"]
[Result "1-0"]
[WhiteElo "2305"]
[BlackElo "1840"]
[PlyCount "93"]
[EventDate "2018.09.24"]
[EventType "team-swiss"]
[EventRounds "11"]
[EventCountry "GEO"]
[SourceTitle "Ajedrez en Madrid"]
[Source "lmi"]
[SourceDate "2018.09.24"]
[WhiteTeam "Poland"]
[BlackTeam "Lithuania"]
[WhiteTeamCountry "POL"]
[BlackTeamCountry "LTU"]

1. e4 e5 2. Nf3 Nc6 3. Bc4 Bc5 4. c3 Nf6 5. d4 exd4 6. e5 d5 7. Bb5 Ne4 8. cxd4
Bb4+ 9. Bd2 Nxd2 10. Nbxd2 O-O 11. O-O Ne7 12. a3 Ba5 13. b4 Bb6 14. Bd3 Bg4
15. Qc2 h6 16. h3 Bh5 17. g4 Bg6 18. Nb3 Bxd3 19. Qxd3 Ng6 20. Ne1 Nf4 21. Qe3
Ne6 22. f4 a5 23. f5 Ng5 24. Nd3 axb4 25. axb4 Rxa1 26. Rxa1 Re8 27. Nbc5 Ne4
28. Nf2 Qg5 29. Qxg5 Nxg5 30. Kg2 Bxc5 31. bxc5 Kf8 32. h4 Nh7 33. Nd3 Rb8 34.
Nb4 c6 35. Kf3 Ke8 36. Kf4 Nf8 37. Ra7 Kd8 38. g5 h5 39. Nxc6+ bxc6 40. Rxf7
Ke8 41. Rxg7 Rb1 42. g6 Rg1 43. e6 Rg4+ 44. Ke5 Re4+ 45. Kd6 Rf4 46. Ra7 Nxe6
47. fxe6 1-0

[Event "43. Olimpiada Batumi 2018 Femenina"]
[Site "Batumi GEO"]
[Date "2018.10.03"]
[Round "9.1"]
[White "Terao, Juliana Sayumi"]
[Black "Berzina, Ilze"]
[Result "1/2-1/2"]
[WhiteElo "2255"]
[BlackElo "2218"]
[PlyCount "140"]
[EventDate "2018.09.24"]
[EventType "team-swiss"]
[EventRounds "11"]
[EventCountry "GEO"]
[SourceTitle "Ajedrez en Madrid"]
[Source "lmi"]
[SourceDate "2018.09.24"]
[WhiteTeam "Brazil"]
[BlackTeam "Latvia"]
[WhiteTeamCountry "BRA"]
[BlackTeamCountry "LAT"]

1. e4 c6 2. Nf3 d5 3. exd5 cxd5 4. Ne5 a6 5. d4 Nf6 6. Bd3 g6 7. c3 Bg7 8. O-O
O-O 9. Nd2 Nbd7 10. Qe2 Nxe5 11. dxe5 Nd7 12. Nf3 Nc5 13. Rd1 Nxd3 14. Qxd3 Bf5
15. Qxd5 Qc7 16. Be3 Rac8 17. Qd4 Bc2 18. Re1 Rfd8 19. Qh4 Bd3 20. Bg5 Re8 21.
Rad1 Bc4 22. b3 Bb5 23. c4 Bc6 24. Bf4 Bxf3 25. e6 Qa5 26. exf7+ Kxf7 27. gxf3
Rcd8 28. Qg4 Bf6 29. Qe6+ Kg7 30. Rd5 Rxd5 31. cxd5 Rd8 32. Rd1 Qc3 33. Kg2 g5
34. Bg3 h5 35. d6 exd6 36. Rxd6 Rxd6 37. Qxd6 Kg6 38. Qd5 h4 39. Bd6 b5 40.
Qe4+ Kf7 41. h3 Qd2 42. Qb7+ Ke6 43. Bc5 Qxa2 44. Qc6+ Kf7 45. Qd7+ Kg6 46.
Qe8+ Kh6 47. Bf8+ Bg7 48. Qe6+ Kh7 49. Qf7 Qa1 50. Be7 Qe5 51. b4 Qf4 52. Qe8
Be5 53. Qh5+ Kg7 54. Qg4 Qxg4+ 55. fxg4 Kf7 56. Bc5 Ke6 57. Kf3 Kd5 58. Be7 Bc3
59. Ke3 Kc4 60. f4 gxf4+ 61. Kxf4 a5 62. bxa5 Bxa5 63. g5 Bc3 64. Kg4 Kd5 65.
Kxh4 Ke6 66. Bc5 b4 67. Bxb4 Bxb4 68. Kh5 Kf5 69. h4 Bf8 70. g6 Bg7 1/2-1/2

[Event "43. Olimpiada Batumi 2018 Femenina"]
[Site "Batumi GEO"]
[Date "2018.10.03"]
[Round "9.2"]
[White "Otikova, Elina"]
[Black "Alboredo, Julia"]
[Result "0-1"]
[WhiteElo "2123"]
[BlackElo "2174"]
[PlyCount "132"]
[EventDate "2018.09.24"]
[EventType "team-swiss"]
[EventRounds "11"]
[EventCountry "GEO"]
[SourceTitle "Ajedrez en Madrid"]
[Source "lmi"]
[SourceDate "2018.09.24"]
[WhiteTeam "Latvia"]
[BlackTeam "Brazil"]
[WhiteTeamCountry "LAT"]
[BlackTeamCountry "BRA"]

1. e4 c5 2. Nf3 d6 3. d4 cxd4 4. Nxd4 Nf6 5. Nc3 g6 6. Be3 Bg7 7. f3 O-O 8. Qd2
Nc6 9. g4 Be6 10. Nxe6 fxe6 11. Bc4 d5 12. exd5 Ne5 13. Be2 Nxd5 14. Nxd5 Qxd5
15. Qxd5 exd5 16. O-O-O e6 17. f4 Nc6 18. h4 Rae8 19. h5 e5 20. Rxd5 exf4 21.
Bc4 g5 22. Bc5 Kh8 23. Bxf8 Rxf8 24. Rxg5 Ne5 25. Bd5 Bf6 26. Rf5 Nxg4 27. Bb3
Bxb2+ 28. Kxb2 Rxf5 29. Be6 Rb5+ 30. Kc1 Nf6 31. h6 Rh5 32. Rxh5 Nxh5 33. Kd2
Nf6 34. Ke2 Ng8 35. Kf3 Nxh6 36. c4 Kg7 37. c5 Kf6 38. Bd5 Ke5 39. Bxb7 Nf5 40.
c6 Nd4+ 41. Kg4 Ne6 42. Bc8 Nc7 43. Kf3 a5 44. Bh3 h5 45. Bd7 Nb5 46. Be8 Nd4+
47. Kf2 Kd6 48. Bxh5 Kxc6 49. Ke1 Kd5 50. Kd2 Ke4 51. Kc3 f3 52. Bxf3+ Nxf3 53.
Kc4 Nd4 54. a3 Ke3 55. Kc3 Ne6 56. Kc4 Nd4 57. Kc3 Ne6 58. Kc4 Nd4 59. Kc3 Ne6
60. Kc4 Nd8 61. Kb5 Nb7 62. Kb6 Kd3 63. Kxb7 Kc4 64. Kc6 a4 65. Kd6 Kb3 66. Kd5
Kxa3 0-1

[Event "43. Olimpiada Batumi 2018 Femenina"]
[Site "Batumi GEO"]
[Date "2018.10.03"]
[Round "9.3"]
[White "Librelato, Kathie Goulart"]
[Black "Krumina, Linda"]
[Result "1-0"]
[WhiteElo "2110"]
[BlackElo "2081"]
[PlyCount "49"]
[EventDate "2018.09.24"]
[EventType "team-swiss"]
[EventRounds "11"]
[EventCountry "GEO"]
[SourceTitle "Ajedrez en Madrid"]
[Source "lmi"]
[SourceDate "2018.09.24"]
[WhiteTeam "Brazil"]
[BlackTeam "Latvia"]
[WhiteTeamCountry "BRA"]
[BlackTeamCountry "LAT"]

1. e4 c5 2. d3 g6 3. Be2 Bg7 4. f4 Nc6 5. Nf3 d6 6. O-O Nf6 7. c3 Bd7 8. Qe1
Rb8 9. Nbd2 b5 10. Kh1 a5 11. a4 b4 12. Nc4 O-O 13. Bd2 Qc7 14. Qh4 d5 15. exd5
Nxd5 16. Ng5 h6 17. Ne4 Nd8 18. f5 Bxf5 19. Bxh6 Bxe4 20. dxe4 Nb6 21. Rf3 Ne6
22. Raf1 Nd7 23. Rh3 Bf6 24. Rxf6 Nxf6 25. Bf4 1-0

[Event "43. Olimpiada Batumi 2018 Femenina"]
[Site "Batumi GEO"]
[Date "2018.10.03"]
[Round "9.4"]
[White "Limanovska, Elizabete"]
[Black "Chang, Suzana"]
[Result "1-0"]
[WhiteElo "2064"]
[BlackElo "2037"]
[PlyCount "69"]
[EventDate "2018.09.24"]
[EventType "team-swiss"]
[EventRounds "11"]
[EventCountry "GEO"]
[SourceTitle "Ajedrez en Madrid"]
[Source "lmi"]
[SourceDate "2018.09.24"]
[WhiteTeam "Latvia"]
[BlackTeam "Brazil"]
[WhiteTeamCountry "LAT"]
[BlackTeamCountry "BRA"]

1. e4 e5 2. Nf3 Nc6 3. Bc4 Bc5 4. c3 Nf6 5. d3 a6 6. O-O d6 7. b4 Ba7 8. Nbd2
O-O 9. h3 h6 10. Re1 Re8 11. Nf1 Be6 12. Be3 d5 13. exd5 Bxd5 14. Bxa7 Rxa7 15.
Qb3 Ra8 16. Ne3 Be6 17. Rad1 b5 18. Bxe6 Rxe6 19. d4 exd4 20. Nxd4 Nxd4 21.
Rxd4 Qe7 22. Red1 c5 23. bxc5 Qxc5 24. c4 Ree8 25. Nd5 Ne4 26. Qf3 Ng5 27. Qg4
Re6 28. h4 Nh7 29. cxb5 axb5 30. Qf5 Qa7 31. Nb4 Qb6 32. Rd7 Rf6 33. Qc2 Rb8
34. Nd5 Qa6 35. Ne7+ 1-0

[Event "43. Olimpiada Batumi 2018 Femenina"]
[Site "Batumi GEO"]
[Date "2018.10.03"]
[Round "9.1"]
[White "Cori T., Deysi"]
[Black "Peng, Zhaoqin"]
[Result "1-0"]
[WhiteElo "2391"]
[BlackElo "2367"]
[PlyCount "71"]
[EventDate "2018.09.24"]
[EventType "team-swiss"]
[EventRounds "11"]
[EventCountry "GEO"]
[SourceTitle "Ajedrez en Madrid"]
[Source "lmi"]
[SourceDate "2018.09.24"]
[WhiteTeam "Peru"]
[BlackTeam "Netherlands"]
[WhiteTeamCountry "PER"]
[BlackTeamCountry "NED"]

1. d4 d5 2. c4 c6 3. Nc3 Nf6 4. e3 g6 5. Nf3 Bg7 6. cxd5 cxd5 7. Bb5+ Nc6 8.
Ne5 Qd6 9. O-O O-O 10. f4 Ne4 11. Nxe4 dxe4 12. Qa4 Nxe5 13. fxe5 Qb6 14. Bd2
a5 15. b4 Be6 16. bxa5 Qd8 17. Bb4 f6 18. d5 Qxd5 19. Bxe7 Qxe5 20. Bxf8 Bxf8
21. Bc4 Bc5 22. Rfe1 Bxc4 23. Qxc4+ Kg7 24. Rab1 Rxa5 25. Rxb7+ Kh6 26. a4 Bd6
27. g3 Qe8 28. Rd1 Rxa4 29. Qf1 Qc8 30. Rf7 Be5 31. Rfd7 Qc5 32. Rxh7+ Kxh7 33.
Qh3+ Kg8 34. Rd8+ Kf7 35. Qh7+ Ke6 36. Qd7# 1-0

[Event "43. Olimpiada Batumi 2018 Femenina"]
[Site "Batumi GEO"]
[Date "2018.10.03"]
[Round "9.2"]
[White "Haast, Anne"]
[Black "Zarate Oyague, Flor De Maria"]
[Result "1-0"]
[WhiteElo "2345"]
[BlackElo "2039"]
[PlyCount "103"]
[EventDate "2018.09.24"]
[EventType "team-swiss"]
[EventRounds "11"]
[EventCountry "GEO"]
[SourceTitle "Ajedrez en Madrid"]
[Source "lmi"]
[SourceDate "2018.09.24"]
[WhiteTeam "Netherlands"]
[BlackTeam "Peru"]
[WhiteTeamCountry "NED"]
[BlackTeamCountry "PER"]

1. e4 c5 2. Nf3 d6 3. d4 cxd4 4. Nxd4 Nf6 5. Nc3 a6 6. Be3 e5 7. Nb3 Be6 8. f3
Be7 9. Qd2 h5 10. Nd5 Nxd5 11. exd5 Bf5 12. Be2 Nd7 13. Na5 Qc7 14. c4 O-O 15.
O-O Nf6 16. b4 Qd7 17. Rfd1 e4 18. f4 Ng4 19. Rac1 Nxe3 20. Qxe3 Bd8 21. Nb3 a5
22. b5 a4 23. Nd2 h4 24. b6 Re8 25. Rb1 h3 26. c5 dxc5 27. Bb5 Qxd5 28. Nc4 Qe6
29. Rd6 Qe7 30. Bxe8 Qxe8 31. Qxc5 Rc8 32. Qxf5 Rxc4 33. Qxh3 e3 34. Re1 e2 35.
Qd3 Rc1 36. Kf2 Rxe1 37. Kxe1 Be7 38. Qxe2 Qf8 39. Rd5 Bb4+ 40. Kf1 Qc8 41. g3
Qc1+ 42. Kg2 Qc6 43. Qe4 Qxb6 44. Rd4 Bc5 45. Rxa4 Qb2+ 46. Kh3 Bf8 47. Ra8 Qb5
48. a4 Qf1+ 49. Kh4 Qg1 50. h3 Qb6 51. Kg4 Qd6 52. f5 1-0

[Event "43. Olimpiada Batumi 2018 Femenina"]
[Site "Batumi GEO"]
[Date "2018.10.03"]
[Round "9.3"]
[White "Chumpitaz, Ann"]
[Black "Lanchava, Tea"]
[Result "1-0"]
[WhiteElo "2222"]
[BlackElo "2339"]
[PlyCount "105"]
[EventDate "2018.09.24"]
[EventType "team-swiss"]
[EventRounds "11"]
[EventCountry "GEO"]
[SourceTitle "Ajedrez en Madrid"]
[Source "lmi"]
[SourceDate "2018.09.24"]
[WhiteTeam "Peru"]
[BlackTeam "Netherlands"]
[WhiteTeamCountry "PER"]
[BlackTeamCountry "NED"]

1. e4 c6 2. d4 g6 3. c4 d6 4. Nc3 e5 5. Nf3 Bg7 6. Be3 Qe7 7. Be2 Nh6 8. h3 f6
9. c5 dxc5 10. dxe5 Nf7 11. exf6 Bxf6 12. Qc2 O-O 13. O-O Bg7 14. Rad1 Nd7 15.
Nh2 Re8 16. f3 Nf8 17. Bc4 Be6 18. Bxe6 Nxe6 19. Ne2 b6 20. f4 Nc7 21. Ng3 Nd5
22. Bc1 Nb4 23. Qb1 c4 24. e5 Nd3 25. Ng4 Kh8 26. Ne4 Red8 27. Be3 Nb4 28. Qc1
Qe6 29. a3 Rxd1 30. Rxd1 Nd3 31. Qc2 Nh6 32. Ng5 Qd5 33. Nf6 Qb5 34. a4 Qb4 35.
Rxd3 cxd3 36. Qxd3 Qe7 37. Nfxh7 Nf5 38. Bf2 Qb4 39. g4 Ne7 40. Qg3 Kg8 41. Qh4
Qc4 42. Nf6+ Kf8 43. f5 Nxf5 44. gxf5 Qxh4 45. Bxh4 gxf5 46. Ne6+ Kf7 47. Nxg7
Kxg7 48. e6 Kf8 49. Nd7+ Kg7 50. Ne5 Rc8 51. Nc4 Rg8 52. Kf2 Rh8 53. e7 1-0